| 000 | 00799nam a2200217 i 4500 | ||
|---|---|---|---|
| 001 | 150874 | ||
| 003 | ES-MaACL | ||
| 005 | 20230906203736.0 | ||
| 007 | t| | ||
| 008 | 071116s1907 po |||| | por d | ||
| 100 | 1 |
_aFerreira, Joâo Maria. _950372 |
|
| 245 | 1 | 2 |
_aO Marquez de Pombal : (poemeto anti-jesuitico) / _cJoâo Maria Ferreira ; prefacio pela illustre e distincta poetisa Angelina Vidal. |
| 260 |
_aLisboa : _bLivraria Avellar Machado, _c[1907] |
||
| 300 |
_a26 p. ; _c20 cm. |
||
| 490 | 1 |
_aCombatendo ; _v1 |
|
| 600 | 1 | 4 |
_aPombal, Sebastião José de Carvalho e Melo _cMarqués de ( _d1699-1782) _9169601 |
| 700 | 1 |
_aVidal, Angelina. _9114414 |
|
| 830 | 0 |
_aCombatendo ; _v1 _9221176 |
|
| 852 |
_aES-MaACL _j1509-F-12 _z. - Dedicatoria autógrafa del autor |
||
| 999 |
_c150874 _d150874 |
||